| 000 | 00413nam a2200145Ia 4500 | ||
|---|---|---|---|
| 008 | 230917s9999||||xx |||||||||||||| ||und|| | ||
| 040 |
_e52915 _aMAIN |
||
| 041 | _aEnglish | ||
| 082 | _a341.2 P442I | ||
| 100 | _aPeterson, Martin | ||
| 245 | 0 | _aInternational interest organizations and the transmutation of postwar society | |
| 260 |
_aStockholm _bAlmqvist & Wiksell _c1979 |
||
| 300 | _axx, 720 p. | ||
| 942 | _cBK | ||
| 999 |
_c44345 _d44345 |
||